000 00638nam a22002417a 4500
999 _c6082
_d6082
001 6082
003 BD-JhCC
005 20180101184238.0
008 180101s1963 xxua|||| |||| 00| 0 eng d
035 _a(BD-JhCC)6082
040 _aBD-JhCC
_dBD-JhCC
041 _aeng
082 _a515
_bTHU 1963
100 _aThurston, Hugh
245 _aCalculus for Students of Engineering and the Exact Sciences /
_cHugh Thurston
260 _aUSA
_bPrentice-Hall Inc
_c1963
300 _a190 p. ;
_bill. :
_c23 cm
490 _vVolume 1
500 _aIncludes Illustration
504 _aIncludes Index
650 _aCalculus
942 _2ddc
_cBK